Online
Catalog

Ciencias sociales 3 : (Record no. 56518)

MARC details
000 -CABECERA
campo de control de longitud fija 02467nam a2200529 i 4500
003 - IDENTIFICADOR DEL NÚMERO DE CONTROL
campo de control DO-SdBNP
005 - FECHA Y HORA DE LA ÚLTIMA TRANSACCIÓN
campo de control 20240425151935.0
007 - CAMPO FIJO DE DESCRIPCIÓN FÍSICA--INFORMACIÓN GENERAL
campo de control de longitud fija ta
008 - DATOS DE LONGITUD FIJA--INFORMACIÓN GENERAL
campo de control de longitud fija 240425s2023 dr ac 000 0 spa d
020 ## - NÚMERO INTERNACIONAL ESTÁNDAR DEL LIBRO
Número Internacional Estándar del Libro 9789945270129
040 ## - FUENTE DE LA CATALOGACIÓN
Centro catalogador/agencia de origen DO-SdBNP
Lengua de catalogación spa
Centro/agencia transcriptor BNPHU
Normas de descripción rda
082 ## - NÚMERO DE LA CLASIFICACIÓN DECIMAL DEWEY
Número de edición 22
Número de documento/Ítem C569s
245 00 - MENCIÓN DE TÍTULO
Título Ciencias sociales 3 :
Resto del título educación básica. /
Mención de responsabilidad, etc. dirección editorial Anna Rogero Soler, Denise Pineda Martínez : fotografías Katy León, Rosa Vleira, Silverio Vidal, Belkis Reynoso, Sergio Reyes II, Anabel Pérez, Ministerio de Turismo, Ubaldo Solís, Freddy Marzan, Ministerio de Medio Ambiente, Vicente Tolentino, Senado de la República Dominicana, Ramón Morillo, Juan Emilio Reyes, Senia Rodríguez : ilustraciones Wi-Hen Fung, Melvyn Paulino, Juan del Pino Briceño, Javier Bahamonde Otárola.
264 #1 - PRODUCCIÓN, PUBLICACIÓN, DISTRIBUCIÓN, FABRICACIÓN Y COPYRIGHT
Producción, publicación, distribución, fabricación y copyright Santo Domingo, :
Nombre del de productor, editor, distribuidor, fabricante SM,
Fecha de producción, publicación, distribución, fabricación o copyright 2023.
300 ## - DESCRIPCIÓN FÍSICA
Extensión 159 páginas
Otras características físicas ilustraciones, retratos
Dimensiones 28 cm.
336 ## - TIPO DE CONTENIDO
Fuente rdacontent
Término de tipo de contenido texto
Código de tipo de contenido txt
337 ## - TIPO DE MEDIO
Fuente rdamedia
Nombre/término del tipo de medio sin mediación
Código del tipo de medio n
338 ## - TIPO DE SOPORTE
Fuente rdacarrier
Nombre/término del tipo de soporte volumen
Código del tipo de soporte nc
490 1# - MENCIÓN DE SERIE
Mención de serie Ser y saber
Designación de volumen o secuencia 3
500 ## - NOTA GENERAL
Nota general Educación básica
590 ## - NOTA LOCAL (RLIN)
Nota local Inventariado, 2024/ YL
700 1# - PUNTO DE ACCESO ADICIONAL--NOMBRE DE PERSONA
Nombre de persona Rogero Soler, Anna
Término indicativo de función/relación dirección
9 (RLIN) 30656
700 1# - PUNTO DE ACCESO ADICIONAL--NOMBRE DE PERSONA
Nombre de persona Pineda Martínez, Denise
Término indicativo de función/relación dirección
9 (RLIN) 29220
700 1# - PUNTO DE ACCESO ADICIONAL--NOMBRE DE PERSONA
Nombre de persona León, Katy
Término indicativo de función/relación fotografías
9 (RLIN) 85314
700 1# - PUNTO DE ACCESO ADICIONAL--NOMBRE DE PERSONA
Nombre de persona Vleira, Rosa
Término indicativo de función/relación fotografías
9 (RLIN) 69593
700 1# - PUNTO DE ACCESO ADICIONAL--NOMBRE DE PERSONA
Nombre de persona Vidal, Silverio
Término indicativo de función/relación fotografías
9 (RLIN) 85315
700 1# - PUNTO DE ACCESO ADICIONAL--NOMBRE DE PERSONA
Nombre de persona Reynoso, Belkis
Término indicativo de función/relación fotografías
9 (RLIN) 85316
700 1# - PUNTO DE ACCESO ADICIONAL--NOMBRE DE PERSONA
Nombre de persona Reyes II, Sergio
Término indicativo de función/relación fotografías
9 (RLIN) 85317
700 1# - PUNTO DE ACCESO ADICIONAL--NOMBRE DE PERSONA
Nombre de persona Pérez, Anabel
Término indicativo de función/relación fotografías
9 (RLIN) 85318
700 1# - PUNTO DE ACCESO ADICIONAL--NOMBRE DE PERSONA
Nombre de persona Solís, Ubaldo
Término indicativo de función/relación fotografías
9 (RLIN) 85325
700 1# - PUNTO DE ACCESO ADICIONAL--NOMBRE DE PERSONA
Nombre de persona Marzán, Freddy
Término indicativo de función/relación fotografías
9 (RLIN) 85315
700 1# - PUNTO DE ACCESO ADICIONAL--NOMBRE DE PERSONA
Nombre de persona Tolentino, Vicente
Término indicativo de función/relación fotografías
9 (RLIN) 85326
700 1# - PUNTO DE ACCESO ADICIONAL--NOMBRE DE PERSONA
Nombre de persona Morillo, Ramón
Término indicativo de función/relación fotografías
9 (RLIN) 84101
700 1# - PUNTO DE ACCESO ADICIONAL--NOMBRE DE PERSONA
Nombre de persona Reyes, Juan Emilio
Término indicativo de función/relación fotografías
9 (RLIN) 85327
700 1# - PUNTO DE ACCESO ADICIONAL--NOMBRE DE PERSONA
Nombre de persona Rodríguez, Senia
Término indicativo de función/relación fotografías
9 (RLIN) 85328
700 1# - PUNTO DE ACCESO ADICIONAL--NOMBRE DE PERSONA
Nombre de persona Félix, Cristian
Término indicativo de función/relación ilustraciones
9 (RLIN) 23171
700 1# - PUNTO DE ACCESO ADICIONAL--NOMBRE DE PERSONA
Nombre de persona Castillo, Edmundo
Término indicativo de función/relación ilustraciones
9 (RLIN) 85319
700 1# - PUNTO DE ACCESO ADICIONAL--NOMBRE DE PERSONA
Nombre de persona Fung, Wi-Hen
Término indicativo de función/relación ilustraciones
9 (RLIN) 73248
700 1# - PUNTO DE ACCESO ADICIONAL--NOMBRE DE PERSONA
Nombre de persona Gómez Blumenthal, Álvaro
Término indicativo de función/relación ilustraciones
9 (RLIN) 85319
700 1# - PUNTO DE ACCESO ADICIONAL--NOMBRE DE PERSONA
Nombre de persona González, Ángela
Término indicativo de función/relación ilustraciones
9 (RLIN) 85324
710 ## - PUNTO DE ACCESO ADICIONAL--NOMBRE DE ENTIDAD CORPORATIVA
Nombre de entidad corporativa o nombre de jurisdicción como elemento de entrada Ministerio de Medio Ambiente
Término indicativo de función/relación fotografías
9 (RLIN) 85320
710 ## - PUNTO DE ACCESO ADICIONAL--NOMBRE DE ENTIDAD CORPORATIVA
Nombre de entidad corporativa o nombre de jurisdicción como elemento de entrada Senado de la República Dominicana,
Término indicativo de función/relación fotografías
9 (RLIN) 85321
710 ## - PUNTO DE ACCESO ADICIONAL--NOMBRE DE ENTIDAD CORPORATIVA
Nombre de entidad corporativa o nombre de jurisdicción como elemento de entrada Ministerio de Turismo
Término indicativo de función/relación fotografías
9 (RLIN) 85322
710 ## - PUNTO DE ACCESO ADICIONAL--NOMBRE DE ENTIDAD CORPORATIVA
Nombre de entidad corporativa o nombre de jurisdicción como elemento de entrada Moro Studio
Término indicativo de función/relación ilustraciones
9 (RLIN) 85323
910 ## - DATOS DE OPCIÓN DEL USUARIO (OCLC)
Datos de opción del usuario YLockward
942 ## - ELEMENTOS DE PUNTO DE ACCESO ADICIONAL (KOHA)
Fuente del sistema de clasificación o colocación Dewey Decimal Classification
Tipo de ítem Koha Libro
Holdings
Estado de retiro Estado de pérdida Fuente del sistema de clasificación o colocación Restricciones de uso No para préstamo Código de colección Localización permanente Ubicación/localización actual Ubicación en estantería Fecha de adquisición Fuente de adquisición Total de préstamos Signatura topográfica completa Código de barras Fecha visto por última vez Precio válido a partir de Tipo de ítem Koha Número de copia
    Dewey Decimal Classification Excluido de préstamo   Infantojuvenil Patrimonio Dominicano Biblioteca Nacional Pedro Henríquez Ureña Biblioteca Nacional Pedro Henríquez Ureña En catalogación 22.09.2023 Deposito Legal   BNPHU CIJ-PD C569s 2024-2512 25.04.2024 25.04.2024 Libro  
    Dewey Decimal Classification Excluido de préstamo   Infantojuvenil Patrimonio Dominicano Biblioteca Nacional Pedro Henríquez Ureña Biblioteca Nacional Pedro Henríquez Ureña En catalogación 22.09.2023 Deposito Legal   BNPHU CIJ-PD C569s 2024-2513 25.04.2024 25.04.2024 Libro e. 2
    Dewey Decimal Classification Préstamo en sala   Dominicana de Servicio Biblioteca Nacional Pedro Henríquez Ureña Biblioteca Nacional Pedro Henríquez Ureña En catalogación 22.09.2023 Deposito Legal   BNPHU CIJ-DS C569s 2024-2514 25.04.2024 25.04.2024 Libro e. 3

Powered by Koha